History and culture of India : (Record no. 129649)

MARC details
000 -LEADER
fixed length control field 00734nam a22002417a 4500
005 - DATE AND TIME OF LATEST TRANSACTION
control field 20170124110100.0
010 ## - LIBRARY OF CONGRESS CONTROL NUMBER
LC control number A-609032
020 ## - INTERNATIONAL STANDARD BOOK NUMBER
Terms of availability 00.00
International Standard Book Number 8185420378
035 ## - SYSTEM CONTROL NUMBER
System control number A-609032
037 ## - SOURCE OF ACQUISITION
Source of stock number/acquisition Cen Lib/Ret
040 ## - CATALOGING SOURCE
Original cataloging agency DPL
Language of cataloging EN
082 ## - DEWEY DECIMAL CLASSIFICATION NUMBER
Classification number 954.54
Item number PAT
100 ## - MAIN ENTRY--PERSONAL NAME
Personal name Patel, Gouri Shankar
9 (RLIN) 27019
245 ## - TITLE STATEMENT
Title History and culture of India :
Statement of responsibility, etc by Gouri Shankar Patel
Remainder of title a study of Orissa /
260 ## - PUBLICATION, DISTRIBUTION, ETC. (IMPRINT)
Place of publication, distribution, etc Delhi
Name of publisher, distributor, etc Amar Prakashan
Date of publication, distribution, etc 1992
270 ## - ADDRESS
Address A1/139B,Lawrence Road
City Delhi
Postal code 110035
300 ## - PHYSICAL DESCRIPTION
Extent 164p. :
Dimensions 20cm(Hb)
Other physical details ill.
500 ## - GENERAL NOTE
General note Includes bibliographical reference
650 ## - SUBJECT ADDED ENTRY--TOPICAL TERM
Topical term or geographic name as entry element Indian History
9 (RLIN) 27020
650 ## - SUBJECT ADDED ENTRY--TOPICAL TERM
Topical term or geographic name as entry element Orissa
Geographic subdivision India
9 (RLIN) 27021
700 ## - ADDED ENTRY--PERSONAL NAME
9 (RLIN) 26754
942 ## - ADDED ENTRY ELEMENTS (KOHA)
Source of classification or shelving scheme Dewey Decimal Classification
Koha item type English Books
Classification part 954.54
Call number suffix PAT
Holdings
Withdrawn status Lost status Damaged status Not for loan Home library Current library Date acquired Source of acquisition Cost, normal purchase price Total Checkouts Full call number Barcode Date last seen Copy number Cost, replacement price Price effective from Koha item type
        Central Library Central Library 07/07/2015 Cen Lib/Ret 0.00   954.54 PAT A-609032 07/07/2015 1 0.00 07/07/2015 English Books

© Delhi Public Library
Hit Counter
free hit counter